000 00225nam a22000977a 4500
008 160512b xxu||||| |||| 00| 0 eng d
041 _aeng
080 _a616.12
245 _aIntroduction to nuclear cardiology:
942 _2udc
_cBK
999 _c2127
_d2127